| 000 | 00638cab a2200253 4500 | ||
|---|---|---|---|
| 001 | ABS60499 | ||
| 008 | 090401t1999 xxu||||| |||| 00| 0 eng d | ||
| 035 | _a(Sirsi) u92837 | ||
| 041 | _aeng | ||
| 100 | _aBilefield, J. | ||
| 245 | _aAZTEC puts innovative property site on the market | ||
| 260 | _c1999 | ||
| 350 | _a0 | ||
| 490 |
_aNet Profit _vApril 1999, 15(1) |
||
| 650 | _aHOME OWNERS | ||
| 650 | _aHOUSEHUNTERS | ||
| 650 | _aINFORMATION | ||
| 650 | _aINTERNET | ||
| 650 | _aLOCAL | ||
| 650 | _aWEB SITES | ||
| 690 | _aPROPERTY-RESIDENTIAL PROPERTY-RESIDENTIAL PROPERTY MARKET | ||
| 942 | _n0 | ||
| 948 | _c20/04/1999 | ||
| 999 |
_c58842 _d58842 |
||